00434cam a22001337a 4500008004000000082001200040100002400052245006200076260003900138300000900177650001200186999001900198952008300217180718bss19 xxu||||| |||| 00| 0 eng d a2pC41 O aOppenheim, Felix E. aDimensions of freedom: an analysiscby Felix E. Oppenheim aNew YorkbSt. Martinメs Precss19 a6124 ap5Liber c423574d423574 00104070aIIPAbIIPAd2009-09-04oC41 Op5p30250r2018-07-21w2018-07-21yBK